Adivinhe a música da Taylor Swift sem dicas #18 - Statistics

Estatísticas Gerais
  • Esse quiz foi jogado 111 vezes
    89 desde o último reset
  • A pontuação média é 120 de 239
Estatísticas das Respostas
Resposta % Correto
you
100%
You
100%
I
99%
a
97%
me
92%
the
90%
do
85%
My
81%
my
81%
Your
81%
your
81%
on
76%
it
75%
in
74%
This
72%
this
72%
when
71%
so
68%
of
65%
Don't
64%
no
63%
No
63%
for?
58%
was
57%
know
54%
what
54%
did
51%
heart
51%
am
47%
as
47%
As
47%
But
47%
they
47%
one
46%
just
44%
would
43%
have
42%
knew
40%
back
39%
has
39%
only
38%
want
38%
come
33%
part
32%
believe
29%
down
29%
"Give
29%
night
29%
from
28%
From
28%
hoax
28%
New
28%
other
28%
still
28%
won,
28%
York
28%
blue
26%
hand
26%
left
25%
let
25%
reason"
25%
broken
24%
world
24%
dark
22%
hurts
22%
kingdom
22%
love's
22%
sadness
22%
scars
22%
score?
22%
shade
22%
apart
21%
best
21%
Screaming,
21%
Screaming
21%
sun
21%
what's
21%
cliffside
19%
hero
19%
keeping
19%
movie
19%
undone
19%
died
18%
door
18%
faithless
18%
ground
18%
hard
18%
point
18%
pulled
18%
Stood
18%
password,
17%
smoking
17%
underneath
17%
eclipsed
15%
fight
15%
frozen
15%
gun
15%
knife
15%
Darling,
14%
sleepless
13%
twisted
13%
win-less
13%
beaten
10%
drum
8%
fire
8%
laid
8%
plan
8%
ash
7%
barren
6%
land
6%
sleight
6%
Nenhum quiz correspondente encontrado
Distribuição das Pontuações
Porcentagem de Pessoas com Cada Pontuação
Percentil de Números Respondidos
Sua Pontuação Histórica
Você não jogou esse quiz desde o último reset